| 000 | 00874nam a2200265Ia 4500 | ||
|---|---|---|---|
| 003 | OSt | ||
| 005 | 20221005110343.0 | ||
| 006 | a|||||r|||| 00| 0 | ||
| 007 | ta | ||
| 008 | 221004b |||||||| |||| 00| 0 hin d | ||
| 020 | _a9788190722155 (hbk) | ||
| 024 | _a26740 | ||
| 037 |
_bGift, 10/05/2016, _cTextual |
||
| 040 |
_aCRL _cCRL _bhin |
||
| 041 |
_2hin _ahin |
||
| 082 | _aO152,3N37w, P9 | ||
| 100 | _aशाह, रमेशचन्द्र | ||
| 245 | 0 | _aअकेला मेला | |
| 246 | _aAkelā melā | ||
| 260 |
_aनई दिल्ली _bकिताबघर प्रकाशन भारत _c2009 |
||
| 300 |
_a176पृ0 _ccm. |
||
| 650 | _aहिन्दी साहित्य | ||
| 942 |
_hO152,3N37w, P9 _cTEXL _2cc |
||
| 999 |
_c1018560 _d1018560 |
||